• 首页
  • 本馆介绍
  • 公告通知
  • 最新文献
  • 馆藏检索
  • 电子资源
  • 读者导购
  • 参考咨询
  • 我的图书馆
  • 登录
  • 详细信息显示
  • 放入我的书架
  • 预约/预借图书
  • 作者相关作品
  • 分类相关作品
  • 丛书相关作品
  • 出版社相关作品

书目信息

  • 表格格式
  • 工作单格式
  • 卡片格式
题名:
伊索寓言与人生智慧
    
 
作者: 伊索 原著
分册:  
出版信息: 沈阳   沈阳出版社  2000
页数: 382页
开本: 20cm
丛书名: 人生智慧书系
单 册:
中图分类: I106.7
科图分类:
主题词: 寓言--古希腊--选集 , 寓言 , 文学--世界
电子资源:
ISBN: 7-5441-1419-8
000 00866oam2 2200265 450
001 1233637734
005 20121017092117.23
010    @a7-5441-1419-8@dCNY16.60
100    @a20001025d2000 em y0chiy0110 ea
101 1  @achi@cgre
102    @aCN@b210000
105    @aa z 000fy
200 1  @a伊索寓言与人生智慧@Ayi suo yu yan yu ren sheng zhi hui@e图文双解@e全译本@f(古希腊)伊索原著
210    @a沈阳@c沈阳出版社@d2000
215    @a382页@c插图@d20cm
225 2  @a人生智慧书系
330    @a本书取伊索寓言中的370余篇精典故事,以图文双解的形式,将深刻的人生道理寓于浅显的故事中,对其有关人生智慧进行点评解析。
461  0 @12001 @a人生智慧书系
606 0  @a寓言@y古希腊@j选集
606 0  @a寓言
606 0  @a文学@x世界
690    @aI106.7@v4
701  1 @c(古希腊)@a伊索@Ayi suo@c(Aesop)@4原著
801  0 @aCN@bNLC@c20101222
905    @a10447@dI106.7@eJY23
    
    伊索寓言与人生智慧:图文双解:全译本/(古希腊)伊索原著.-沈阳:沈阳出版社,2000
    382页:插图;20cm.-(人生智慧书系)
    
    
    ISBN 7-5441-1419-8:CNY16.60
    本书取伊索寓言中的370余篇精典故事,以图文双解的形式,将深刻的人生道理寓于浅显的故事中,对其有关人生智慧进行点评解析。
●
相关链接 在E读中查询图书 在五车中查询图书 在当当中查询图书 在豆瓣中查询图书


正题名:伊索寓言与人生智慧     索取号:I106.7/JY23         预约/预借

序号 登录号 条形码 馆藏地/架位号 状态 备注
1 7803155   278031559   学院路分馆/ [索取号:I106.7/JY23] 在馆    
唐山师范学院图书馆 欢迎您!
大连网信软件有限公司© 版权所有